000 01029cad a22002295a 4500
001 L144222
008 080704s2008 xxkad f s 000 0 eng d
035 _a(Sirsi) u144222
041 0 _aeng
050 0 4 _a333.32 $2 18
110 2 _aInvestment Property Databank
_92288
245 0 0 _aIPD Central and Eastern European property index
_bresults to 31 December 2007
_h[electronic resource]
260 _aLondon
_bIPD
_c2008
490 0 _aIPD Central and Eastern European Property Index
_vResults to 31 December 2007
520 _aThe index measures ungeared total returns to direct property investments, and in 2007 it delivered 13.6%. The All Property total return in 2007 was the weakest since IPD began the index in 2005.
590 _aKA
650 2 4 _aIPD CENTRAL AND EASTERN EUROPEAN PROPERTY INDEX
651 4 _aEurope
690 _aPROPERTY-PROPERTY FINANCE AND INVESTMENT-REAL ESTATE INVESTMENT TRUSTS
856 4 0 _uhttps://www.ipd.com/
_zView this report free of charge under indices at www.ipd.com...
942 _n0
999 _c108411
_d108411